000 01442cam a2200529 4500
001 ##L133698
002 ##9424
008 060602n2006 000 0 eng u
020 _a9077997032
035 _a(Sirsi) u133698
041 0 _aeng
050 0 4 _a332.6324094 $2 18
100 1 _aDijkman, Marinus
245 0 0 _aEurope real estate yearbook 2006
260 _aThe Hague
_bEurope Real Estate Publishers
_c2006
300 _a785p.
_bill, tables.
_c26cm.
350 _a47 50
505 2 _aEurope and the challenge of globalization -- The countries -- Ranking 100 biggest listed European funds.
520 _aCovers industry trends and market players in European real estate. Includes statistics sheets for each European country.
651 4 _aEUROPEAN UNION
651 4 _aFRANCE
651 4 _aGERMANY
651 4 _aUnited Kingdom
_y
651 4 _aIRELAND
651 4 _aSCANDINAVIA
651 4 _aNETHERLANDS
651 4 _aBELGIUM
651 4 _aAUSTRIA
651 4 _aSWITZERLAND
651 4 _aPORTUGAL
651 4 _aITALY
651 4 _aGREECE
651 4 _aPOLAND
651 4 _aCZECH REPUBLIC
651 4 _aHUNGARY
651 4 _aCROATIA
651 4 _aROMANIA
651 4 _aBULGARIA
651 4 _aRUSSIA
651 4 _aBALTIC STATES
651 4 _aUKRAINE
651 4 _aSLOVAKIA
651 4 _aTURKEY
690 _aPROPERTY-COMMERCIAL PROPERTY
700 1 _aSchiller, Andreas
942 _n0
999 _c105454
_d105454